00823nam a2200205Ia 4500001001000000003000500010005001700015008004100032010001100073040000900084100003400093245019700127260003600324300000900360502010600369650002700475650002600502650003900528710005000567Para_9209CHAP20220818141920.0220125s2006 xx 000 0 und d a207926 cCHAP aSebastián Gámez, Víctor a(Phytophthora capsici Leo.) Causante de la pudrición del cuello en el cultivo de jitomate (Lycopersicon esculentum Mill.), en San Gabriel Chilac, Puebla /c por Víctor Sebastián Gámez aChapingo , Méx. :b el autor a44 h aTesis (Ing. Agr. Esp. en Parasitología Agrícola) -- UACh. Departamento Parasitología Agrícola aHongos fitopatógenos aPhytophthora capsici  aTomate x enfermedades por hongos  aUACh. Departamento Parasitilogía Agrícola